000 01388nam0a22003251 4500
001 rc\4065601
005 20130415152020.0
021 _aRU
_b[47-4885]
035 _a(NLR Aleph) 008115948
090 _a9333977
_c9333977
100 _a20130415d1947 |||y0rusy50 ca
101 0 _arus
102 _aRU
105 _aa z |||||
200 1 _aПриложения интегральных уравнений к некоторым проблемам механики, математической физики и техники
210 _aМосква
_aЛенинград
_cГостехиздат
_d1947
_gТип. "Кр. пролетарий" в М.
215 _a304 с.
_cчерт.
_d20
225 1 _aФизико-математическая библиотека инженера
300 _aПеред загл. авт.: С.Г. Михлин
300 _aНа переплете загл.: Интегральные уравнения
320 _aЛитература: с. 299-302
320 _aПредм. указатель: с. 303-304
517 0 _aИнтегральные уравнения
606 _aИнтегральные уравнения
_2psbo
700 1 _aМихлин
_bС. Г.
_f1908-1990
_gСоломон Григорьевич
801 0 _aRU
_bNLR
_gpsbo
801 1 _aRU
_bELAR
_2rusmarc
852 _aNLR
_jМт02 Г-3/44
942 _cBOOK
980 _aNB